01002nam a2200277 a 450000100100000000300100001000500170002000800410003702000150007804000220009309200260011510000290014124500490017025000110021926000360023030000210026665000220028765000260030991000390033594200120037494500270038695201290041395201290054295600380067199900150070900000046300000046320180510125829.0081117s2007 dr 000 f spa d a9993401374 aBPMSUbspacBPMSU aRD863.44bS787p, 20071 aStanley, Avelino,d1959-10aPor qué no he de llorar /cAvelino Stanley a5a ed. aSanto Domingo :bCocolo,c2007. a150 p. ;c22 cm. 4aNOVELA DOMINICANA 4aLITERATURA DOMINICANA aValidado. Control de calidad BNPHU 2ddccBK aInventariado, 2017 /VM 00102ddc40708CJ-DaBPMETbBPMETd2014-07-08eCompra l0oRD 863.44 S787ppBPMSU15040482r2014-07-08t w2014-07-08yBK 00102ddc40708CJ-DaBPMETbBPMETd2014-07-08eCompral0oRD863.44 S787ppBPMSU15040483r2014-07-08te. 2w2014-07-08yBK aVMATEOb10c20151119lBPMSUh0069 c7105d7105